| 000 | 00352nam a2200133Ia 4500 | ||
|---|---|---|---|
| 005 | 20251222144848.0 | ||
| 008 | 251222s9999||||xx |||||||||||||| ||spa|| | ||
| 020 | _a0-521-47707-7 | ||
| 082 | _a428.4/R14 | ||
| 100 | _aRadford, Andrew | ||
| 245 | 0 | _aSyntactic Theory and the Structure of English: | |
| 264 | _bCambridge University Press | ||
| 942 | _cLIB | ||
| 999 |
_c21502 _d21502 |
||